000 00361nam a2200133Ia 4500
008 100328s9999 xx 000 0 und d
082 _b51626
100 _aखरात ह.शि.
245 _aबिंग कविता
260 _bडिंपल
630 _aबिंग कविता
730 _aबिंग कविता
942 _cBOOK
999 _c538559
_d538556